LEADER 01386nam0 22003373i 450 001 TO01617710 005 20231121125846.0 010 $a9788842714767$bbrossura 010 $a9788842714774$brilegato 100 $a20140326d2007 ||||0itac50 ba 101 | $aita 102 $ait 181 1$6z01$ai $bxxxe 182 1$6z01$an 200 1 $aScholasticorum studia$eSeneca il Vecchio e la cultura retorica e letteraria della prima età imperiale$fEmanuele Berti 210 $aPisa$cGiardini$d2007 215 $a408 p.$d22 cm 225 | $aBiblioteca di Materiali e discussioni per l'analisi dei testi classici$v20 410 0$1001CFI0021882$12001 $aBiblioteca di Materiali e discussioni per l'analisi dei testi classici$v20 606 $aRetorica latina$2FIR$3RMLC063519$9I 606 $aSeneca, Lucio Anneo $2FIR$3RMLC378524$9E 676 $a808.51$9Retorica del discorso. Discorso pubblico (Oratoria).$v22 700 1$aBerti$b, Emanuele$3CFIV186293$4070$0598694 801 3$aIT$bIT-01$c20140326 850 $aIT-FR0017 899 $aBiblioteca umanistica Giorgio Aprea$bFR0017 $eN 912 $aTO01617710 950 0$aBiblioteca umanistica Giorgio Aprea$d 52S.SIJ. LL3 Sen.(r).Ber.$e 52FLS0000308995 VMN RS $fA $h20140326$i20140326 977 $a 52 996 $aScholasticorum studia$91027914 997 $aUNICAS